Sự phát triển tất yếu của pháp luật hàng hải trong quá trình hội nhập kinh tế và tự do hoá thương mại /

Wedi'i Gadw mewn:
Manylion Llyfryddiaeth
Prif Awdur: Hoàng Ngọc Thiết
Fformat: Erthygl
Iaith:Vietnamese
Pynciau:
Tagiau: Ychwanegu Tag
Dim Tagiau, Byddwch y cyntaf i dagio'r cofnod hwn!
Thư viện lưu trữ: Thư viện Trường Đại học Đà Lạt
LEADER 00848nam a2200277 4500
001 DLU060052178
040 # # |a DLU  |b vie 
041 # # |a vie 
044 # # |a vn 
100 # # |a Hoàng Ngọc Thiết 
245 # # |a Sự phát triển tất yếu của pháp luật hàng hải trong quá trình hội nhập kinh tế và tự do hoá thương mại /  |c Hoàng Ngọc Thiết 
653 # # |a Hội nhập kinh tế 
653 # # |a Luật hàng hải 
653 # # |a Luật thương mại 
773 # # |t Luật học  |g Số 1, 2003, tr.57-60 
920 # # |a Phòng Tạp chí -- Trung tâm Thông tin - Thư viện Trường Đại học Đà Lạt 
933 # # |a CT, TN 
994 # # |a DLU 
900 # # |a True 
911 # # |a Nguyễn Thị Yên 
925 # # |a G 
926 # # |a A 
927 # # |a BB 
980 # # |a Thư viện Trường Đại học Đà Lạt